000 05146cam a22018734i 4500
003 PE-LiUPU
005 20250813165408.0
008 150706s2012 sp a rb 000 0 spa d
020 _a9788415419822
035 _a(Sirsi) i9788415419822
040 _aPE-LiUPU
_bspa
_cPE-LiUPU
_erda
049 _aPRUA
082 0 4 _a615.854
_bE79
_221
100 1 _aEscott-Stump, Sylvia,
_eautor.
245 1 0 _aNutrición, diagnóstico y tratamiento /
_cSylvia Escott-Stump ; [traducción, Martha Elena Araiza].
250 _a8a edición.
264 1 _aBarcelona :
_bWolters Kluwer, D.L.,
_c2012.
300 _aXX, 1020 páginas :
_bilustraciones ;
_c28 centímetros
336 _atext
_2rdacontent
337 _aunmediated
_2rdamedia
338 _avolume
_2rdacarrier
500 _aTítulo original: Nutrition and diagnosis-related.
504 _aIncluye referencias bibliográficas.
505 0 _aEtapas normales de la vida -- Prácticas nutricionales, seguridad de los alimentos, lergias, rastornos cutáneos diversos -- Defectos congénitos y trastornos genéticos y adquirido -- Trastornos neurológicos y mentales -- Trastornos pulmonares -- Trastornos -- Trastornos gastrointestinales cardiovasculares -- Trastornos hepáticos, pancreáticos y biliares -- Trastornos endocrinos -- Trastornos musculoesqueléticos y de la colágena -- Hematología: anemias y trastornos sanguíneos -- Cáncer -- A quirúrgicas -- Sida e inmunología, quemaduras, sepsis y traumatismos -- Trastornos renales -- Tratamientos nutricionales enterales y parenterales -- Revisión nutricional -- Proceso, formularios y consejos para el asesoramiento nutricional.
526 _aP203
526 _aP200
526 _aSEG65
526 _aSEG64
526 _aSEG63
526 _aSEG62
526 _aSEG61
526 _aSEG60
526 _aSEG59
526 _aSEG58
526 _aSEG57
526 _aSEG56
526 _aSEG55
526 _aSEG54
526 _aSEG53
526 _aSEG52
526 _aSEG51
526 _aSEG50
526 _aSEG49
526 _aSEG48
526 _aSEG47
526 _aSEG46
526 _aSEG24
526 _aSEG23
526 _aSEG22
526 _aSEG21
526 _aSEG20
526 _aSEG19
526 _aSEG18
526 _aSEG17
526 _aSEG16
526 _aSEG14
526 _aSEG13
526 _aSEG12
526 _aSEG11
526 _aSEG10
526 _aSEG09
526 _aSEG06
526 _aSEG05
526 _aSEG04
526 _aSEG03
526 _aSEG02
526 _aSEG68
526 _aSEG66
526 _aSEG45
526 _aSEG25
526 _aSEG01
526 _aP163
526 _aP162
526 _aP161
526 _aP160
526 _aP159
526 _aP158
526 _aP157
526 _aP156
526 _aP155
526 _aP154
526 _aP153
526 _aP152
526 _aP151
526 _aP150
526 _aP149
526 _aP142
526 _aP141
526 _aP140
526 _aP139
526 _aP138
526 _aP137
526 _aP132
526 _aP131
526 _aP130
526 _aP126
526 _aP125
526 _aP124
526 _aP123
526 _aP115
526 _aP122
526 _aP121
526 _aP116
526 _a P114
526 _aP112
526 _aP111
526 _aP104
526 _aP103
526 _aP102
526 _aP101
526 _aP100
526 _aP96
526 _aP95
526 _aP93
526 _aP92
526 _aP91
526 _aP88
526 _aP83
526 _aP82
526 _aP79
526 _aP78
526 _aP75
526 _aP74
526 _aP71
526 _aP69
526 _a P51
526 _aP49
526 _aP48
526 _aP47
526 _aP33
526 _aP31
526 _a P30
526 _aP29
526 _aP27
526 _aP26
526 _aP25
526 _aP24
526 _a P22
526 _aP10
526 _aP09
526 _a P08
526 _aP06
526 _aP05
526 _aP04
526 _aP01
650 0 4 _aNutrición
_xDiagnóstico y tratamiento.
650 0 4 _aAlimentos.
_91965
650 0 4 _aDietética.
_91967
650 0 4 _aNutrición.
_9394
700 1 _aAriza, Martha Helena,
_etraductor
910 _agl
942 _2ddc
_cBK
949 _a615.854 E792016
_wLC
_c1
_i74912
_lCATALOGING
_mBUL
_p96.05
_r0
_sY
_tBOOK
_u2016-12-26
_xSALUD
_0COMPRA
_o.STAFF. Colección FSALUD
949 _a615.854 E792016
_wLC
_c2
_i74913
_lCATALOGING
_mBUL
_p96.05
_r0
_sY
_tBOOK
_u2016-12-26
_xSALUD
_0COMPRA
_o.STAFF. Colección FSALUD
949 _a615.854 E792016
_wLC
_c3
_i74914
_lCATALOGING
_mBUL
_p96.05
_r0
_sY
_tBOOK
_u2016-12-26
_xSALUD
_0COMPRA
_o.STAFF. Colección FSALUD
949 _a615.854 E792016
_wLC
_c4
_i74915
_lCATALOGING
_mBUL
_p96.05
_r0
_sY
_tBOOK
_u2016-12-26
_xSALUD
_0COMPRA
_o.STAFF. Colección FSALUD
999 _c14466
_d14466
980 _81
_gALBERTO SANCHEZ Responsable de Automatización